Human diversity in education an integrative approach

Education in a changing society -- Multicultural education : historical and theoretical perspectives -- Culture and the culture-learning process -- Classrooms and schools as cultural crossroads -- Intercultural development : considering the growth of self and others -- Creating classrooms that addre...

全面介紹

Đã lưu trong:
書目詳細資料
主要作者: Cushner, Kenneth.
其他作者: McClelland, Averil, Safford, Philip L.
格式: 圖書
語言:English
出版: New York McGraw-Hill 2009
版:6th ed.
主題:
標簽: 添加標簽
沒有標簽, 成為第一個標記此記錄!
Thư viện lưu trữ: Mạng thư viện Đại học Đà Nẵng
LEADER 02320nam a2200385 4500
001 000018531
003 14963
005 20131204161239.0
008 131119s2009 engsd
020 |a 9780073525976 (alk. paper)  |a 0073525979 (alk. paper) 
041 0 |a eng 
082 1 4 |a 370.117  |b CU-K 
100 1 |a Cushner, Kenneth. 
245 1 0 |a Human diversity in education  |b an integrative approach  |c Kenneth Cushner, Averil McClelland, Phil Safford. 
250 |a 6th ed. 
260 |a New York  |b McGraw-Hill  |c 2009 
300 |a xviii, 471 p.  |b ill.  |c 26 cm. 
504 |a Includes bibliographical references and index. 
520 3 |a Education in a changing society -- Multicultural education : historical and theoretical perspectives -- Culture and the culture-learning process -- Classrooms and schools as cultural crossroads -- Intercultural development : considering the growth of self and others -- Creating classrooms that address race and ethnicity -- The classroom as a global community : nationality and region -- Developing learning communities : language and learning style -- Religious pluralism in secular classrooms -- Developing a collaborative classroom : gender and sexual orientation -- Creating inclusive classrooms : the ability/disability continuum and the health dimension -- Creating developmentally appropriate classrooms : the importance of age and developmental status -- Improving schools for all children : the role of social class and social status in teaching and learning.  |a Foundations for multicultural teaching; Multicultural teaching in action 
650 0 4 |a Multicultural education  |z United States. 
650 0 4 |a Individual differences in children  |z United States. 
650 0 4 |a Sex differences in education  |z United States. 
653 |a Giáo dục 
700 1 |a McClelland, Averil 
700 1 |a Safford, Philip L. 
OWN |a LSP 
AVA |a UDN50  |b LSP  |d 370.117 CU-K  |e available  |t Error 5001 Not defined in file expand_doc_bib_avail.  |f 2  |g 0  |h N  |i 0  |k 1 
999 |a From the UDN01 
AVA |a UDN50  |b LSP  |d 370.117 CU-K  |e available  |t Error 5001 Not defined in file expand_doc_bib_avail.  |f 2  |g 0  |h N  |i 0  |k 1 
TYP |a Monograph 
TYP |a Printed language 
980 |a Mạng thư viện Đại học Đà Nẵng